000 00937cad a22002055a 4500
001 L152418
008 110304s20110301xxk f 000 0 eng d
035 _a(Sirsi) u152418
041 0 _aeng
110 2 _aNationwide Building Society
_91019
245 0 0 _aNationwide house price index
_bFebruary 2011[electronic resource]
260 _c2011
490 0 _aNationwide House Price Index
_vFebruary 2011
520 _aUnited Kingdom house prices increased by 0.3% in February 2011. First time buyers are under pressure. Affordability remains a major constraint. Over the longer-term, the supply side of the housing market also needs to respond if affordability is to improve on a sustained basis
590 _aKA NTK
651 4 _aUnited Kingdom
_y
690 _aPROPERTY-RESIDENTIAL PROPERTY
856 4 0 _uhttps://www.nationwide.co.uk/hpi/historical/Feb_2011.pdf
_zView this item free of charge at www.nationwide.co.uk
942 _n0
999 _c112052
_d112052